| 000 | 00687nam a22002177a 4500 | ||
|---|---|---|---|
| 005 | 20161206102212.0 | ||
| 010 | _aENG-116324 | ||
| 020 |
_a9789350357101 _c1295.00 |
||
| 035 | _aEN-99856 | ||
| 037 | _bDBAD/PUB | ||
| 082 | _a343.54067 | ||
| 100 | _aYadav,O.P. | ||
| 245 |
_aMaster guide to corporate taxation / _cby O.P.Yadav ; foreword by K.V. Chowdary |
||
| 250 | _a4th ed. | ||
| 260 |
_aGurgaon _bLexisNexis _c2016 |
||
| 270 |
_a14th Floor, Building No.10, Tower-B, DLF Cyber City, Phase-II _bGurgaon (Haryana) _e122002 |
||
| 300 |
_axxiv,719p. _c24cm(pbk) |
||
| 500 | _aIncludes index | ||
| 700 | _a Chowdary,K.V. | ||
| 942 |
_2ddc _cEN _mYAD _h343.54067 |
||
| 999 |
_c104313 _d104313 |
||